00326nam a2200121 a 450000500170000000800410001705000240005810000190008224500120010126000440011344000270015765000200018420140414132056.0100520s19uu xx 00 eng d aREF 956.1bK46 2001 aKemal, Neriman aTurkey. aMilwaukee, WI :bGareth Stevens,c2001. aCountries of the world aTurkeyxCountry